000 00662nam a2200217Ii 4500
003 JO-AjNU
008 230605s9999||||xx |||||||||||||| ||und||
017 _a1993/5137
020 _a977-11-0794-1
040 _aJO-AjNU
_bara
_erda
_cJO-AjNU
041 _aara
050 1 4 _aPJ7862.A68.A81 1993
100 3 _aتأليف شوقي،أحمد,
_eauthor
_919612
245 0 0 _aأميرة الأندلس: مسرحية
264 3 1 _aالقاهرة: مكتبة مصر، 1993
300 _a130ص
336 _atext
_btxt
_2rdacontent
337 _aunmediated
_bn
_2rdamedia
338 _avolume
_bnc
_2rdacarrier
650 4 _aالأدب العربي - مسرح
_919613
999 _aA6502
_c10070
_d10070